| 000 | 00556nam a22002057a 4500 | ||
|---|---|---|---|
| 005 | 20240124112253.0 | ||
| 008 | 240111b |||||||| |||| 00| 0 eng d | ||
| 020 |
_a9789356938885 _cRs. 698.00 |
||
| 040 | _aMAIN | ||
| 082 |
_a658.8 _bC424I(22) |
||
| 100 | _aCherunilam, Francis | ||
| 245 | _aInternational trade and export management | ||
| 250 | _a22nd | ||
| 260 |
_aMumbai _bHimalaya Publishing House _c2023 |
||
| 300 | _a520 | ||
| 650 | _aManagement | ||
| 650 | _aInternational Trade | ||
| 650 | _aExport Management | ||
| 942 | _cBK | ||
| 999 |
_c313153 _d313153 |
||